| 000 | 00624nam a22002055i 4500 | ||
|---|---|---|---|
| 001 | 98853 | ||
| 003 | ES-MaACL | ||
| 005 | 20230906182408.0 | ||
| 007 | t| | ||
| 008 | 950915s1877 sp ||||1| spa d | ||
| 040 |
_aCAM _bspa _cCAM |
||
| 080 | _a821.134.2-23"18" | ||
| 100 | 1 |
_aEchegaray, José, _d1832-1916 _946526 |
|
| 245 | 1 | 0 |
_aO locura o santidad _b: drama en tres actos y en prosa / _cpor José Echegaray. |
| 250 | _a3ª ed. | ||
| 260 |
_aMadrid : _b[s.n.], _c1877 ( _fImpr. José Rodríguez) |
||
| 300 |
_a92 p. ; _c20 cm. |
||
| 852 |
_aES-MaACL _jB-3094(2) _z.- Enc. en un vol. facticio |
||
| 999 |
_c98853 _d98853 |
||